004420000a22001210004500090001700000245012100017041001400138700003900152100003800191942001300229773006100242999001700303 aASbSeriadas10aModelación del desarrollo sostenible en sistemas agrícola-forestales del corregimiento de Aquitania, (Antioquia)0 aEspañol1 aBlandón M. , Luis Alberto9998391 aVargas Isaza, Olga Lucía999840 cARTICULO1 tCrónica Forestal y del Medio Ambienteh11q59-76d1996 c15577d15577